书目信息 |
| 题名: |
管理会计学
|
|
| 作者: | 李玉萍 主编 | |
| 分册: | ||
| 出版信息: | 北京 清华大学出版社 2009.01 |
|
| 页数: | 329页 | |
| 开本: | 26cm | |
| 丛书名: | ||
| 单 册: | ||
| 中图分类: | F234.3 | |
| 科图分类: | ||
| 主题词: | 管理会计--guan li kuai ji | |
| 电子资源: | ||
| ISBN: | 978-7-81123-490-9 | |
| 000 | 00877nam0 2200265 450 | |
| 001 | 012009566423 | |
| 005 | 20091128143116.46 | |
| 010 | @a978-7-81123-490-9@dCNY32.00 | |
| 100 | @a20091128d2009 em y0chiy0120 ea | |
| 101 | 0 | @achi |
| 102 | @aCN@b110000 | |
| 105 | @aak a 000yy | |
| 106 | @ar | |
| 200 | 1 | @a管理会计学@Aguan li kuai ji xue@f李玉萍主编@Fli yu ping zhu bian |
| 210 | @a北京@c清华大学出版社@c北京交通大学出版社@d2009.01 | |
| 215 | @a329页@c图@d26cm | |
| 312 | @a英文并列题名取自封面 | |
| 320 | @a有书目 (第327-329页) | |
| 330 | @a本书主要内容包括:导论:管理会计的作用、历史及发展方向,现代管理会计基本理论,作业及作业成本性态分析等。 | |
| 510 | 1 | @aManagement accounting@zeng |
| 606 | 0 | @a管理会计@Aguan li kuai ji |
| 690 | @aF234.3@v4 | |
| 701 | 0 | @a李玉萍@Ali yu ping@4主编 |
| 801 | 0 | @aCN@bQSSK@c20091128 |
| 905 | @b767481-83@dF234.3@eL324@f3 | |
| 管理会计学/李玉萍主编.-北京:清华大学出版社:北京交通大学出版社,2009.01 |
| 329页:图;26cm |
| ISBN 978-7-81123-490-9:CNY32.00 |
| 本书主要内容包括:导论:管理会计的作用、历史及发展方向,现代管理会计基本理论,作业及作业成本性态分析等。 |
| ● |
| 相关链接 |
|
|
|
正题名:管理会计学
索取号:F234.3/L324
 
预约/预借
| 序号 | 登录号 | 条形码 | 馆藏地/架位号 | 状态 | 备注 |
| 1 | 767481 | 207674818 | 社科库409/409社科库 77排3列3层/ [索取号:F234.3/L324] | 在馆 | |
| 2 | 767482 | 207674827 | 社科库409/409社科库 77排3列3层/ [索取号:F234.3/L324] | 在馆 | |
| 3 | 767483 | 207674836 | 社科库409/ [索取号:F234.3/L324] | 在馆 |